A Place for SuDS (Record no. 115981)
[ view plain ]
| 000 -LEADER | |
|---|---|
| fixed length control field | 01490cad a22002895a 4500 |
| 001 - CONTROL NUMBER | |
| control field | L159535 |
| 008 - FIXED-LENGTH DATA ELEMENTS--GENERAL INFORMATION | |
| fixed length control field | 160318s2017 xxk f 000 0 eng d |
| 035 ## - SYSTEM CONTROL NUMBER | |
| System control number | (Sirsi) u159535 |
| 041 0# - LANGUAGE CODE | |
| Language code of text/sound track or separate title | eng |
| 050 04 - LIBRARY OF CONGRESS CALL NUMBER | |
| Classification number | 627.4 $2 18 |
| 110 2# - MAIN ENTRY--CORPORATE NAME | |
| Corporate name or jurisdiction name as entry element | Chartered Institution of Water and Environmental Management |
| 9 (RLIN) | 4489 |
| 245 02 - TITLE STATEMENT | |
| Title | A Place for SuDS |
| Remainder of title | Assessing the effectiveness of delivering multifunctional sustainable drainage |
| Medium | [electronic resource] |
| 260 ## - PUBLICATION, DISTRIBUTION, ETC. | |
| Name of publisher, distributor, etc. | CIWEM |
| Date of publication, distribution, etc. | 2017 |
| 520 ## - SUMMARY, ETC. | |
| Summary, etc. | Independent, UK-wide survey of sustainable urban drainage systems (SuDS) sets out new evidence on the quality of sustainable drainage in England and the recommendations for increasing uptake and upkeep of SuDS in a quick, affordable way. Key report findings include: the costs and especially the benefits of implementing SuDS are not being assessed, where SuDS have been provided, opportunities to ensure there are multiple benefits are often missed, adoption and future maintenance are the greatest problems to be resolved. |
| 590 ## - LOCAL NOTE (RLIN) | |
| Local note | KA |
| 650 24 - SUBJECT ADDED ENTRY--TOPICAL TERM | |
| Topical term or geographic name entry element | SUSTAINABLE URBAN DRAINAGE SYSTEMS |
| 650 24 - SUBJECT ADDED ENTRY--TOPICAL TERM | |
| Topical term or geographic name entry element | DRAINAGE SYSTEMS |
| 650 24 - SUBJECT ADDED ENTRY--TOPICAL TERM | |
| Topical term or geographic name entry element | SURFACE WATER |
| 650 24 - SUBJECT ADDED ENTRY--TOPICAL TERM | |
| Topical term or geographic name entry element | DEVELOPMENT-SUSTAINABLE |
| 651 #4 - SUBJECT ADDED ENTRY--GEOGRAPHIC NAME | |
| Geographic name | United Kingdom |
| 690 ## - LOCAL SUBJECT ADDED ENTRY--TOPICAL TERM (OCLC, RLIN) | |
| Topical term or geographic name as entry element | Sustainability |
| 9 (RLIN) | 6271 |
| 700 1# - ADDED ENTRY--PERSONAL NAME | |
| Personal name | Grant, Laura |
| 700 1# - ADDED ENTRY--PERSONAL NAME | |
| Personal name | Chisholm, Alastair |
| 700 1# - ADDED ENTRY--PERSONAL NAME | |
| Personal name | Benwell, Richard |
| 856 40 - ELECTRONIC LOCATION AND ACCESS | |
| Uniform Resource Identifier | <a href="https://www.ciwem.org/wp-content/uploads/2017/10/A-Place-for-SuDS-Online.pdf">https://www.ciwem.org/wp-content/uploads/2017/10/A-Place-for-SuDS-Online.pdf</a> |
| Public note | View the item free of charge at www.gov.uk |
| 942 ## - ADDED ENTRY ELEMENTS (KOHA) | |
| Suppress in OPAC | 0 |
| Withdrawn status | Lost status | Source of classification or shelving scheme | Damaged status | Not for loan | Home library | Current library | Shelving location | Date acquired | Total Checkouts | Full call number | Barcode | Date last seen | Copy number | Price effective from | Koha item type |
|---|---|---|---|---|---|---|---|---|---|---|---|---|---|---|---|
| Dewey Decimal Classification | Virtual | Virtual | Online | 22/08/2017 | ONLINE PUBLICATION | 159535-2001 | 06/08/2019 | 1 | 06/08/2019 | Book |